| 000 | 00552 a2200169 4500 | ||
|---|---|---|---|
| 999 |
_c4066 _d4066 |
||
| 020 | _a1779051387 | ||
| 050 | _aLB 2286 ZIN 2003 | ||
| 100 |
_aZindi, Fred _eAuthor |
||
| 245 |
_aImproving teacher preparation: _bteaching practice guide _cFred Zindi, Bernard Batidzirai and Muchadei Nyota |
||
| 264 |
_aHarare: _bHuman Resources Research Centre, _c2003 |
||
| 300 |
_a165p. : _bill. |
||
| 500 | _aIncludes index | ||
| 650 | _aTeaching practice | ||
| 700 |
_aBernard Batidzirai _eAuthor |
||
| 700 |
_aMuchadei Nyota _eAuthor |
||
| 942 |
_2lcc _cBK _h2286 _iZIN _kLB |
||